Paris Vendetta (Record no. 44398)

MARC details
000 -LEADER
fixed length control field 00424nam a2200181Ia 4500
008 - FIXED-LENGTH DATA ELEMENTS--GENERAL INFORMATION
fixed length control field 220531s9999 xx 000 0 und d
041 ## - LANGUAGE CODE
Language code of text/sound track or separate title eng
082 ## - DEWEY DECIMAL CLASSIFICATION NUMBER
Classification number -
Item number PAR / BER
100 ## - MAIN ENTRY--PERSONAL NAME
Personal name Berry, Steve
9 (RLIN) 80309
245 ## - TITLE STATEMENT
Title Paris Vendetta
250 ## - EDITION STATEMENT
Edition statement 1ST
260 ## - PUBLICATION, DISTRIBUTION, ETC. (IMPRINT)
Place of publication, distribution, etc. New York
Name of publisher, distributor, etc. Ballantine
Date of publication, distribution, etc. 2009
300 ## - PHYSICAL DESCRIPTION
Extent 418
542 ## - INFORMATION RELATING TO COPYRIGHT STATUS
Copyright holder 12-09-2017
650 ## - SUBJECT ADDED ENTRY--TOPICAL TERM
Topical term or geographic name as entry element Novel
9 (RLIN) 80310
906 ## - LOCAL DATA ELEMENT F, LDF (RLIN)
d 2017-2018
f 11223
Holdings
Withdrawn status Lost status Source of classification or shelving scheme Damaged status Not for loan Collection code Home library Current library Date acquired Vendor Cost, normal purchase price Total Checkouts Total Holds Full call number Barcode Date last seen Cost, replacement price Bill Date Koha item type Original Barcode
    Dewey Decimal Classification       Shri Siddhivinayak Mahila Mahavidyalaya Shri Siddhivinayak Mahila Mahavidyalaya 12/09/2017 Rotary club 25.00   1 -/PAR/BER/B/25734 SSMM-BK-25734 06/08/2022 25.00 06/08/2022 Books 010025734